000 00848nam a22002417a 4500
003 OSt
005 20260601171017.0
008 260508b1988\\\\mx\|||||\||||\00|\0\spa\d
040 _aICI
_bspa
_cICI
050 _aTS171.4
_b.B37 2005
100 1 _aBarreto, Suzana,
_eautora.
_934087
245 1 _aErgonomía, diseño y tiempo libre /
_cSuzana Barreto.
300 _a136 páginas :
_bilustraciones ;
500 _aObra sobre la aplicación de la ergonomía al diseño de productos y actividades recreativas.
504 _aIncluye referencias bibliográficas.
650 _aErgonomía.
650 _aDiseño industrial.
_915218
650 _aFactores humanos en el diseño.
650 _aOcio
_xAspectos ergonómicos.
_934090
650 _aProductos recreativos
_xDiseño.
_934091
650 _aDiseño centrado en el usuario.
942 _2lcc
_cB
_n1
999 _c20727
_d20727